[Διηγήματα του Σταυρογιαννόπουλου Βασίλειου]
Αποθηκεύτηκε σε:
| Κύριος συγγραφέας: | |
|---|---|
| Μορφή: | Βιβλίο |
| Γλώσσα: | Greek |
| Δημοσίευση: |
[χ.τ.] :
[χ.ό.],
[1940;].
|
| Θέματα: | |
| Ετικέτες: |
Προσθήκη ετικέτας
Δεν υπάρχουν, Καταχωρήστε ετικέτα πρώτοι!
|
MARC
| LEADER | 00000cam a2200000 i 4500 | ||
|---|---|---|---|
| 001 | 1/86839 | ||
| 008 | 051004q19301940gr | ||| |||| ||gre|| | ||
| 035 | |l 10080659 | ||
| 040 | |a GR-MY-UA |b gre |e aacr | ||
| 041 | 0 | |a gre | |
| 082 | 7 | |a 938.75 |2 (22) | |
| 100 | 1 | |a Σταυρογιαννόπουλος, Βασίλειος. | |
| 245 | 1 | 0 | |a [Διηγήματα του Σταυρογιαννόπουλου Βασίλειου] / |c [Βασίλειος Σταυρογιαννόπουλος]. |
| 260 | |a [χ.τ.] : |b [χ.ό.], |c [1940;]. | ||
| 300 | |a 302 σ. : |b εικ., χαρτ. ; |c 22 εκ. | ||
| 500 | |a Με: Η ιστορία και ο πολιτισμός της Κίνας / Will Durant. - Ισραήλ / Δημ. Γ. Ζαφειρόπουλος | ||
| 650 | 0 | |a Short stories, Greek (Modern) | |
| 852 | |a INST |b RHODES |c KRI |e 20051004 |h 938.75 ΣΤΑ |p 005400028520 |q 005400028520 |t BK |y 0 | ||
| 901 | |a BIBL4-2005-3 | ||
| 909 | |a Ρ |b 122297 | ||
| 970 | |a ΣΙΔΕΡΗ |b ΝΕΚΤΑΡΙΑ |z 2005/10/04 | ||